<?xml version="1.0" encoding="UTF-8"?>
<record
    xmlns:xsi="http://www.w3.org/2001/XMLSchema-instance"
    xsi:schemaLocation="http://www.loc.gov/MARC21/slim http://www.loc.gov/standards/marcxml/schema/MARC21slim.xsd"
    xmlns="http://www.loc.gov/MARC21/slim">

  <leader>02023nam a22002537a 4500</leader>
  <controlfield tag="003">Uzh_bibl</controlfield>
  <controlfield tag="008">260430b        |||||||| |||| 00| 0 ukr d</controlfield>
  <datafield tag="020" ind1=" " ind2=" ">
    <subfield code="a">978-966-03-4506-5</subfield>
    <subfield code="c">60.00</subfield>
  </datafield>
  <datafield tag="040" ind1=" " ind2=" ">
    <subfield code="b">&#x443;&#x43A;&#x440;.</subfield>
  </datafield>
  <datafield tag="041" ind1=" " ind2=" ">
    <subfield code="2">ukr</subfield>
    <subfield code="a">ukr</subfield>
  </datafield>
  <datafield tag="080" ind1=" " ind2=" ">
    <subfield code="a">821.161.2</subfield>
  </datafield>
  <datafield tag="090" ind1=" " ind2=" ">
    <subfield code="a">821.161.2</subfield>
    <subfield code="b">&#x41A; 59</subfield>
  </datafield>
  <datafield tag="100" ind1=" " ind2=" ">
    <subfield code="a">&#x41A;&#x43E;&#x43A;&#x43E;&#x442;&#x44E;&#x445;&#x430;,&#x410;&#x43D;&#x434;&#x440;&#x456;&#x439;</subfield>
  </datafield>
  <datafield tag="245" ind1=" " ind2=" ">
    <subfield code="a">&#x41F;&#x43E;&#x432;&#x437;&#x435; &#x437;&#x43C;&#x456;&#x44F;</subfield>
    <subfield code="c">&#x425;&#x443;&#x434;&#x43E;&#x436;.-&#x43E;&#x444;&#x43E;&#x440;&#x43C;&#x43B;&#x44E;&#x432;&#x430;&#x447; &#x41E;.&#x413;.&#x416;&#x443;&#x43A;&#x43E;&#x432;</subfield>
    <subfield code="h">&#x422;&#x435;&#x43A;&#x441;&#x442;</subfield>
  </datafield>
  <datafield tag="260" ind1=" " ind2=" ">
    <subfield code="a">&#x425;&#x430;&#x440;&#x43A;&#x456;&#x432;</subfield>
    <subfield code="b">&#x424;&#x43E;&#x43B;&#x456;&#x43E;</subfield>
    <subfield code="c">2008</subfield>
  </datafield>
  <datafield tag="300" ind1=" " ind2=" ">
    <subfield code="a">475 &#x441;.</subfield>
    <subfield code="f">&#x412; &#x43E;&#x43F;&#x440;.</subfield>
  </datafield>
  <datafield tag="520" ind1=" " ind2=" ">
    <subfield code="a">&#x42F;&#x43A;&#x449;&#x43E; &#x432;&#x430;&#x43C; &#x43F;&#x440;&#x438;&#x441;&#x432;&#x44F;&#x447;&#x443;&#x44E;&#x442;&#x44C; &#x432;&#x456;&#x440;&#x448;&#x456;, &#x446;&#x435; &#x43D;&#x435; &#x437;&#x430;&#x432;&#x436;&#x434;&#x438; &#x43E;&#x437;&#x43D;&#x430;&#x447;&#x430;&#x454; &#x43E;&#x441;&#x432;&#x456;&#x434;&#x447;&#x435;&#x43D;&#x43D;&#x44F; &#x432; &#x43A;&#x43E;&#x445;&#x430;&#x43D;&#x43D;&#x456;. &#x41C;&#x43E;&#x43B;&#x43E;&#x434;&#x430; &#x436;&#x443;&#x440;&#x43D;&#x430;&#x43B;&#x456;&#x441;&#x442;&#x43A;&#x430; &#x41E;&#x43B;&#x435;&#x43D;&#x430; &#x437; &#x436;&#x430;&#x445;&#x43E;&#x43C; &#x447;&#x435;&#x43A;&#x430;&#x454; &#x43A;&#x43E;&#x436;&#x43D;&#x43E;&#x433;&#x43E; &#x43D;&#x430;&#x441;&#x442;&#x443;&#x43F;&#x43D;&#x43E;&#x433;&#x43E; &#x432;&#x456;&#x440;&#x448;&#x430;: &#x430;&#x434;&#x436;&#x435; &#x457;&#x445; &#x43F;&#x438;&#x448;&#x435; &#x436;&#x43E;&#x440;&#x441;&#x442;&#x43E;&#x43A;&#x438;&#x439; &#x441;&#x435;&#x440;&#x456;&#x439;&#x43D;&#x438;&#x439; &#x443;&#x431;&#x438;&#x432;&#x446;&#x44F; &#x411;&#x430;&#x433;&#x43B;&#x430;&#x439;. &#x419;&#x43E;&#x433;&#x43E; &#x437;&#x430;&#x441;&#x443;&#x434;&#x436;&#x435;&#x43D;&#x43E; &#x43D;&#x430; &#x434;&#x43E;&#x432;&#x456;&#x447;&#x43D;&#x435; &#x443;&#x432;&#x2019;&#x44F;&#x437;&#x43D;&#x435;&#x43D;&#x43D;&#x44F;, &#x430;&#x43B;&#x435; &#x432;&#x456;&#x43D; &#x443;&#x442;&#x456;&#x43A; &#x456;&#x437; &#x442;&#x44E;&#x440;&#x43C;&#x438;, &#x430;&#x431;&#x438; &#x43F;&#x43E;&#x43C;&#x441;&#x442;&#x438;&#x442;&#x438;&#x441;&#x44F; &#x41E;&#x43B;&#x435;&#x43D;&#x456;. &#x41C;&#x456;&#x43B;&#x456;&#x446;&#x456;&#x44F; &#x431;&#x435;&#x437;&#x441;&#x438;&#x43B;&#x430;. &#x411;&#x430;&#x433;&#x430;&#x442;&#x438;&#x439; &#x43A;&#x43E;&#x445;&#x430;&#x43D;&#x435;&#x446;&#x44C; &#x43D;&#x435; &#x445;&#x43E;&#x447;&#x435; &#x432;&#x438;&#x440;&#x456;&#x448;&#x443;&#x432;&#x430;&#x442;&#x438; &#x457;&#x457; &#x43F;&#x440;&#x43E;&#x431;&#x43B;&#x435;&#x43C;. &#x410; &#x443;&#x431;&#x438;&#x432;&#x446;&#x44F; &#x43D;&#x430;&#x431;&#x43B;&#x438;&#x436;&#x430;&#x454;&#x442;&#x44C;&#x441;&#x44F; &#x442;&#x438;&#x445;&#x43E; &#x456; &#x431;&#x435;&#x437;&#x448;&#x443;&#x43C;&#x43D;&#x43E; &#x2013; &#x442;&#x430;&#x43A; &#x43F;&#x456;&#x434;&#x43A;&#x440;&#x430;&#x434;&#x430;&#x454;&#x442;&#x44C;&#x441;&#x44F; &#x434;&#x43E; &#x437;&#x434;&#x43E;&#x431;&#x438;&#x447;&#x456; &#x43E;&#x442;&#x440;&#x443;&#x439;&#x43D;&#x430; &#x437;&#x43C;&#x456;&#x44F;. &#x412;&#x440;&#x44F;&#x442;&#x443;&#x432;&#x430;&#x442;&#x438; &#x41E;&#x43B;&#x435;&#x43D;&#x443; &#x43C;&#x43E;&#x436;&#x435; &#x43B;&#x438;&#x448;&#x435; &#x43E;&#x434;&#x43D;&#x430; &#x43B;&#x44E;&#x434;&#x438;&#x43D;&#x430; &#x2013; &#x43A;&#x43E;&#x43B;&#x438;&#x448;&#x43D;&#x456;&#x439; &#x43C;&#x456;&#x43B;&#x456;&#x446;&#x435;&#x439;&#x441;&#x44C;&#x43A;&#x438;&#x439; &#x43E;&#x43F;&#x435;&#x440; &#x41C;&#x430;&#x43A;&#x441;, &#x44F;&#x43A;&#x438;&#x439; &#x443;&#x436;&#x435; &#x43E;&#x434;&#x43D;&#x43E;&#x433;&#x43E; &#x440;&#x430;&#x437;&#x443; &#x43B;&#x43E;&#x432;&#x438;&#x432; &#x411;&#x430;&#x433;&#x43B;&#x430;&#x44F; &#x456; &#x442;&#x435;&#x43F;&#x435;&#x440; &#x445;&#x43E;&#x447;&#x435; &#x441;&#x43F;&#x456;&#x439;&#x43C;&#x430;&#x442;&#x438; &#x439;&#x43E;&#x433;&#x43E; &#x437;&#x43D;&#x43E;&#x432;&#x443;.

&#x426;&#x435; &#x442;&#x440;&#x438;&#x43B;&#x435;&#x440;, &#x432;&#x456;&#x434; &#x44F;&#x43A;&#x43E;&#x433;&#x43E; &#x43D;&#x435;&#x43C;&#x43E;&#x436;&#x43B;&#x438;&#x432;&#x43E; &#x432;&#x456;&#x434;&#x456;&#x440;&#x432;&#x430;&#x442;&#x438;&#x441;&#x44F;. &#x410; &#x444;&#x456;&#x43D;&#x430;&#x43B;&#x438; &#x432; &#x456;&#x441;&#x442;&#x43E;&#x440;&#x456;&#x44F;&#x445; &#x410;&#x43D;&#x434;&#x440;&#x456;&#x44F; &#x41A;&#x43E;&#x43A;&#x43E;&#x442;&#x44E;&#x445;&#x438; &#x437;&#x430;&#x432;&#x436;&#x434;&#x438; &#x43D;&#x435;&#x441;&#x43F;&#x43E;&#x434;&#x456;&#x432;&#x430;&#x43D;&#x456;.</subfield>
  </datafield>
  <datafield tag="521" ind1=" " ind2=" ">
    <subfield code="a">&#x414;&#x43B;&#x44F; &#x448;&#x438;&#x440;&#x43E;&#x43A;&#x43E;&#x433;&#x43E; &#x43A;&#x43E;&#x43B;&#x430; &#x447;&#x438;&#x442;&#x430;&#x447;&#x456;&#x432;</subfield>
  </datafield>
  <datafield tag="546" ind1=" " ind2=" ">
    <subfield code="a">&#x443;&#x43A;&#x440;.</subfield>
  </datafield>
  <datafield tag="650" ind1=" " ind2=" ">
    <subfield code="a">&#x41B;&#x456;&#x442;&#x435;&#x440;&#x430;&#x442;&#x443;&#x440;&#x43D;&#x43E;-&#x445;&#x443;&#x434;&#x43E;&#x436;&#x43D;&#x454; &#x432;&#x438;&#x434;&#x430;&#x43D;&#x43D;&#x44F;</subfield>
  </datafield>
  <datafield tag="653" ind1=" " ind2=" ">
    <subfield code="a">&#x41F;&#x435;&#x440;&#x435;&#x441;&#x43B;&#x456;&#x434;&#x443;&#x432;&#x430;&#x43D;&#x43D;&#x44F;</subfield>
    <subfield code="a">&#x41F;&#x43E;&#x43C;&#x441;&#x442;&#x430;</subfield>
    <subfield code="a">&#x412;&#x431;&#x438;&#x432;&#x446;&#x44F;</subfield>
  </datafield>
  <datafield tag="655" ind1=" " ind2=" ">
    <subfield code="a">&#x414;&#x435;&#x442;&#x435;&#x43A;&#x442;&#x438;&#x432;</subfield>
    <subfield code="v">&#x420;&#x43E;&#x43C;&#x430;&#x43D;</subfield>
  </datafield>
  <datafield tag="942" ind1=" " ind2=" ">
    <subfield code="2">udc</subfield>
    <subfield code="c">BK</subfield>
  </datafield>
  <datafield tag="999" ind1=" " ind2=" ">
    <subfield code="c">17585</subfield>
    <subfield code="d">17585</subfield>
  </datafield>
  <datafield tag="952" ind1=" " ind2=" ">
    <subfield code="0">0</subfield>
    <subfield code="1">0</subfield>
    <subfield code="2">udc</subfield>
    <subfield code="4">0</subfield>
    <subfield code="7">0</subfield>
    <subfield code="a">F5</subfield>
    <subfield code="b">F5</subfield>
    <subfield code="c">ABP</subfield>
    <subfield code="d">2026-04-30</subfield>
    <subfield code="i">68854</subfield>
    <subfield code="l">0</subfield>
    <subfield code="o">821.161.2</subfield>
    <subfield code="p">4146</subfield>
    <subfield code="r">2026-04-30</subfield>
    <subfield code="w">2026-04-30</subfield>
    <subfield code="y">BK</subfield>
  </datafield>
</record>
